| 000 | 00883 a2200289 4500 | ||
|---|---|---|---|
| 999 |
_c200042662 _d23386 |
||
| 001 | 200042662 | ||
| 003 | TR-AnTOB | ||
| 005 | 20220510113741.0 | ||
| 008 | 110922s2003 tu 000 0 | ||
| 020 | _a1889666076 | ||
| 040 |
_aTR-AnTOB _cTR-AnTOB |
||
| 041 | _aeng | ||
| 050 |
_aNK2808 _b.E44 2003 |
||
| 090 | _aNK2808.E44 2003 | ||
| 100 | 1 |
_aEiland, Murray L _976953 |
|
| 245 | 2 |
_aA world of oriental carpets & textiles / _cMurray L. Eiland. |
|
| 264 | 1 |
_aWashington: _binternational conferenceon orienral carpets, _c2003. |
|
| 300 |
_a281p. ; _bill.; _c32 cm. |
||
| 336 |
_2rdacontent _atext _btxt |
||
| 337 |
_2rdamedia _aunmediated _bn |
||
| 338 |
_2rdacarrier _avolume _bnc |
||
| 504 | _aIncludes bibliographical references (p. 362-363) and index. | ||
| 650 | 0 |
_aRugs, Oriental _925993 |
|
| 650 |
_aRugs, Oriental _vCatalogs _xCatalogs. _976954 |
||
| 942 |
_cBK _2lcc |
||